Najpopularniejsi raperzy w tym tygodniu . 19-25.03 - Statystyki

Ogólne statystyki
  • Ten quiz został rozwiązany 27 razy
  • Średni wynik to 7 z 15
Statystyki odpowiedzi
Miejsce w poprzednim tygodniu Wyświetlenia Raper % Poprawnych
#2 5.38M Bedoes
81%
#1 5.92M Sobel
77%
#8 3.53M Żabson
73%
#13 2.74M Quebonafide
65%
#15 2.52M White 2115
65%
#5 3.74M Szpaku
50%
#3 4.28M Guzior
46%
#12 2.76M Kizo
46%
#10 2.98M Paluch
46%
#14 2.46M Kabe
38%
#4 3.87M Tymek
38%
#7 3.25M Kali
35%
#6 2.69M Kubańczyk
35%
#11 2.73M Malik Montana
27%
#9 3.08M Major SPZ
15%
Nie znaleziono quizów pasujących do podanych kryteriów
Rozkład punktacji
Procent ludzi z każdym wynikiem
Percentyl według liczby udzielonych odpowiedzi
Twoja historia wyników
Nie rozwiązałeś tego quizu